000 00982nam a2200253 a 4500
001 BRCA_770
005 20190320203138.0
008 spas1994----mx-a---###---#000-0#spa-d
020 _a9868591483
050 4 _aN7740
_b.G64 1994
100 1 _aGravelot, Hubert Francois
_d1699-1773
_92563
245 1 0 _aIconología
_cH. Gravelot y C. Cochin ; traducción, índice de atributos y notas María del Carmen Alberú Gómez.
260 _aMéxico
_bUniversidad Iberoamericana, Departamento de Arte
_c1994
300 _a273 p.
_bil.
_c23 cm.
500 _aTraducción de: Iconologie par figures ou traité complet des allégories, emblemes
500 _aEstado físico: encuadernado
650 1 4 _aIconos
_92564
650 1 4 _aArte cristiano y simbolismo
_92565
700 1 _aCochin, Charles Nicolas
_d1715-1790
_92566
700 1 _aAlberú Gómez, María del Carmen
_92567
740 0 _aIconologie par figures ou traité complet des allégories, emblemes
902 _aREF
942 _2lcc
_cB
999 _c667
_d667